| 000 | 00501nam a22001817a 4500 | ||
|---|---|---|---|
| 003 | OSt | ||
| 005 | 20140310182053.0 | ||
| 008 | 130822t xxu||||| |||| 00| 0 eng d | ||
| 050 |
_aBV 260 _b.Ik26 1975 |
||
| 082 |
_aHS 242 _bIk3 1975 |
||
| 100 |
_aIkerman, Ruth C. _912222 |
||
| 245 |
_aDevotional alphabet / _cRuth C. Ikerman. |
||
| 260 |
_aNashville, Tennessee : _bParthenon Press, _cc1960. |
||
| 300 |
_a48 p. ; _c19 cm. |
||
| 650 |
_aDevotional literature _97218 |
||
| 942 | _2lcc | ||
| 999 |
_c9032 _d9032 |
||